Perlumbaan yang istimewa

Bibliographic Details
Other Authors: Tan, Edwin (illustrasi)
Format: Book
Published: Petaling Jaya : Tioman Books , 1993
Subjects:

MARC

LEADER 00000cam a2200000 7i4500
001 0000001202
002 000001326
005 20000330.0
020 |a 9839817116 
090 0 0 |a JF   |b PER 
245 0 0 |a Perlumbaan yang istimewa   |c diceritakan semula oleh Johnny Ong dan Sulaiman Zakaria ; illustrasi oleh Edwin Tan 
260 |a Petaling Jaya :   |b Tioman Books ,   |c 1993 
300 |a 24p. :   |b ill. ;   |c 28cm. 
650 0 0 |a Folklore 
700 1 |a Tan, Edwin ,   |e illustrasi 
999 |a 032544   |b BUKU   |c PINJAMAN   |e PERPUSTAKAAN KOMUNITI PETALING JAYA 
999 |a 032545   |b BUKU   |c PINJAMAN   |e PERPUSTAKAAN KOMUNITI PETALING JAYA